70's Songs by Lyrics #1 - Statistics

General Stats
  • This quiz has been taken 602 times
  • The average score is 9 of 15
Answer Stats
Lyrics Song % Correct
Put a gun against his head, pulled my trigger, now he's dead Bohemian Rhapsody
89%
You can check out any time you like, but you can never leave Hotel California
83%
West Virginia, mountian mamma Take Me Home, Country Roads
83%
And I think it's gonna be a long, long time Rocket Man
78%
You can dance, you can jive. Having the time of your life Dancing Queen
77%
I'm begging of you, please, don't take my man Jolene
64%
Well, we're all in the mood for a melody Piano Man
64%
You may say I'm a dreamer, but I'm not the only one Imagine
63%
He'd like to come and meet us, but he thinks he'd blow our minds Starman
62%
They have everything for young men to enjoy, you can hang out with all the boys YMCA
53%
You get a shiver in the dark, it's raining in the park, but meantime Sultans of Swing
47%
Those cats were fast as lightning Kung Fu Fighting
45%
The sun is shining in the sky, there ain't a cloud in sight Mr. Blue Sky
41%
And I can't get enough of you, baby. Can you get enough of me? I Was Made For Lovin' You
22%
Our hearts were ringing, in the key that our souls were singing September
18%
No matching quizzes found
Score Distribution
Percent of People with Each Score
Percentile by Number Answered
Your Score History
You have not taken this quiz